Lluites antixuetes en el segle XVIII / (Record no. 6053)
[ view plain ]
| 000 -LEADER | |
|---|---|
| campo de control de longitud fija | 00679nam a2200217 i 4500 |
| 001 - NÚMERO DE CONTROL | |
| campo de control | C00006132c |
| 005 - FECHA Y HORA DE LA ÚLTIMA TRANSACCIÓN | |
| campo de control | 20241029142704.0 |
| 008 - DATOS DE LONGITUD FIJA--INFORMACIÓN GENERAL | |
| campo de control de longitud fija | 940608s1973 sp 0011 bal d |
| 020 ## - NÚMERO INTERNACIONAL ESTÁNDAR DEL LIBRO | |
| Número Internacional Estándar del Libro | 84-273-0341-6 |
| 080 ## - NÚMERO DE LA CLASIFICACIÓN DECIMAL UNIVERSAL | |
| Número de la Clasificación Decimal Universal | 364(467.51)"17" |
| 100 1# - ENTRADA PRINCIPAL--NOMBRE DE PERSONA | |
| Nombre de persona | Riera Monserrat, Francesc. |
| 9 (RLIN) | 2939 |
| 245 10 - MENCIÓN DEL TÍTULO | |
| Título | Lluites antixuetes en el segle XVIII / |
| Mención de responsabilidad, etc. | Francesc Riera Montserrat; próleg de Josep Mélia. |
| 260 ## - PUBLICACIÓN, DISTRIBUCIÓN, ETC. | |
| Lugar de publicación, distribución, etc. | Mallorca : |
| Nombre del editor, distribuidor, etc. | Moll, |
| Fecha de publicación, distribución, etc. | 1973. |
| 300 ## - DESCRIPCIÓN FÍSICA | |
| Extensión | 207 p. ; |
| Dimensiones | 24 cm. |
| 490 0# - MENCIÓN DE SERIE | |
| Mención de serie | Els treballs i els dies ; |
| Designación de volumen o secuencia | 9 |
| 650 #4 - PUNTO DE ACCESO ADICIONAL DE MATERIA--TÉRMINO DE MATERIA | |
| Término de materia o nombre geográfico como elemento de entrada | Problemas Sociales- |
| Subdivisión geográfica | España- |
| -- | Mallorca- |
| Subdivisión cronológica | S. XVIII. |
| 9 (RLIN) | 80142 |
| 700 1# - ENTRADA AGREGADA--NOMBRE PERSONAL | |
| Nombre de persona | Meliá, Josep. |
| 9 (RLIN) | 17833 |
| 852 ## - LOCALIZACIÓN | |
| Número de control de estantería | E-3257 |
| Estatus retirado | Estado de pérdida | Estado de daño | No para préstamo | Colección | Biblioteca de origen | Biblioteca actual | Ubicación en estantería | Fecha de adquisición | Total de préstamos | Signatura topográfica completa | Código de barras | Visto por última vez | Precio de reemplazo | Tipo de ítem Koha |
|---|---|---|---|---|---|---|---|---|---|---|---|---|---|---|
| Real Academia de la Bellas Artes de San Fernando | Real Academia de la Bellas Artes de San Fernando | Depósito 1 | 09/06/1994 | E-3257 | 1006704 | 15/10/2024 | 15/10/2024 | Fondo moderno |